Sports Quiz

Random Sports or Soccer Quiz

US Men's Soccer Gold Cup Scorers - All-Time Quiz Stats

 Plays Quiz not verified by Sporcle

Score 0/154 Timer 06:00
1 Play Today
Match Player % Correct
2013 vs. Honduras (Semi)Landon Donovan
89.7%
2013 vs. Honduras (Semi)Landon Donovan
89.7%
2013 vs. El Salvador (QtrFinal)Landon Donovan
89.7%
2013 vs. Cuba (Group)Landon Donovan
89.7%
2013 vs. Belize (Group)Landon Donovan
89.7%
2011 vs. Mexico (Final)Landon Donovan
89.7%
2007 vs. Mexico (Final)Landon Donovan
89.7%
2007 vs. Canada (Semi)Landon Donovan
89.7%
2007 vs. Panama (QtrFinal)Landon Donovan
89.7%
2007 vs. El Salvador (Group)Landon Donovan
89.7%
2005 vs. Canada (Group)Landon Donovan
89.7%
2005 vs. Cuba (Group)Landon Donovan
89.7%
2005 vs. Cuba (Group)Landon Donovan
89.7%
2003 vs. Cuba (QtrFinal)Landon Donovan
89.7%
2003 vs. Cuba (QtrFinal)Landon Donovan
89.7%
2003 vs. Cuba (QtrFinal)Landon Donovan
89.7%
2003 vs. Cuba (QtrFinal)Landon Donovan
89.7%
2002 vs. South Korea (Group)Landon Donovan
89.7%
2011 vs. Panama (Semi)Clint Dempsey
82.8%
2011 vs. Jamaica (QtrFinal)Clint Dempsey
82.8%
2011 vs. Canada (Group)Clint Dempsey
82.8%
2007 vs. Guatemala (Group)Clint Dempsey
82.8%
2005 vs. Cuba (Group)Clint Dempsey
82.8%
2015 vs. Honduras (Group)Clint Dempsey
82.8%
2015 vs. Honduras (Group)Clint Dempsey
82.8%
2015 vs. Haiti (Group)Clint Dempsey
82.6%
2015 vs. Cuba (QtrFinal)Clint Dempsey
82.5%
2015 vs. Cuba (QtrFinal)Clint Dempsey
82.5%
2015 vs. Cuba (QtrFinal)Clint Dempsey
82.5%
2015 vs. Panama (Consolation)Clint Dempsey
82.5%
2017 vs. Costa Rica (Semi)Clint Dempsey
81.9%
2011 vs. Guadeloupe (Group)Jozy Altidore
72.6%
2011 vs. Canada (Group)Jozy Altidore
72.6%
2017 vs. Costa Rica (Semi)Jozy Altidore
72.5%
2017 vs. Jamaica (Final)Jozy Altidore
72.4%
2019 vs. Panama (Group)Jozy Altidore
69.7%
2019 vs. Jamaica (Semi)Christian Pulisic
68.4%
2019 vs. Jamaica (Semi)Christian Pulisic
68.4%
2019 vs. T & T (Group)Christian Pulisic
65.5%
2011 vs. Mexico (Final)Michael Bradley
63.4%
2015 vs. Panama (Group)Michael Bradley
63.3%
2015 vs. Jamaica (Semi)Michael Bradley
63.2%
2011 vs. Jamaica (QtrFinal)Jermaine Jones
60.5%
2000 vs. Peru (Group)Cobi Jones
60.5%
2000 vs. Haiti (Group)Cobi Jones
60.5%
2013 vs. El Salvador (QtrFinal)Eddie Johnson
48%
2013 vs. El Salvador (QtrFinal)Eddie Johnson
48%
2007 vs. T & T (Group)Eddie Johnson
48%
2007 vs. El Salvador (Group)DaMarcus Beasley
45.8%
2007 vs. El Salvador (Group)DaMarcus Beasley
45.8%
2005 vs. Jamaica (QtrFinal)DaMarcus Beasley
45.8%
2005 vs. Jamaica (QtrFinal)DaMarcus Beasley
45.8%
Match Player % Correct
2005 vs. Cuba (Group)DaMarcus Beasley
45.8%
2003 vs. Martinique (Group)Brian McBride
45.8%
2003 vs. El Salvador (Group)Brian McBride
45.8%
2002 vs. El Salvador (QtrFinal)Brian McBride
45.8%
2002 vs. El Salvador (QtrFinal)Brian McBride
45.8%
2002 vs. El Salvador (QtrFinal)Brian McBride
45.8%
2002 vs. Cuba (Group)Brian McBride
45.8%
2002 vs. South Korea (Group)DaMarcus Beasley
45.8%
2000 vs. Colombia (QtrFinal)Brian McBride
45.8%
1993 vs. Honduras (Group)Alexi Lalas
43.2%
2015 vs. Cuba (QtrFinal)Gyasi Zardes
35.3%
2019 vs. Guyana (Group)Gyasi Zardes
34.7%
2019 vs. T & T (Group)Gyasi Zardes
34.3%
2019 vs. T & T (Group)Gyasi Zardes
34.3%
2009 vs. Grenada (Group)Freddy Adu
33.3%
2007 vs. Panama (QtrFinal)Carlos Bocanegra
32.1%
2003 vs. Brazil (Semi)Carlos Bocanegra
32.1%
2013 vs. Cuba (Group)Chris Wondolowski
27.2%
2013 vs. Cuba (Group)Chris Wondolowski
27.2%
2013 vs. Belize (Group)Chris Wondolowski
27.2%
2013 vs. Belize (Group)Chris Wondolowski
27.2%
2013 vs. Belize (Group)Chris Wondolowski
27.2%
2000 vs. Haiti (Group)Eric Wynalda
26.4%
1998 vs. Cuba (Group)Eric Wynalda
26.4%
1996 vs. Guatemala (3rd Place)Eric Wynalda
26.4%
1996 vs. El Salvador (Group)Eric Wynalda
26.4%
1996 vs. El Salvador (Group)Eric Wynalda
26.4%
1993 vs. Panama (Group)Eric Wynalda
26.4%
1993 vs. Jamaica (Group)Eric Wynalda
26.4%
1991 vs. Guatemala (Group)Eric Wynalda
26.4%
2015 vs. Cuba (QtrFinal)Omar Gonzalez
25.1%
2019 vs. Jamaica (Semi)Weston McKennie
24.8%
2019 vs. Curaçao (QtrFinal)Weston McKennie
24.6%
2017 vs. Martinique (Group)Omar Gonzalez
23.4%
2017 vs. El Salvador (QtrFinal)Omar Gonzalez
23.4%
2019 vs. T & T (Group)Paul Arriola
22.2%
2019 vs. Guyana (Group)Tyler Boyd
21.3%
2019 vs. Guyana (Group)Tyler Boyd
21.3%
2005 vs. Honduras (Semi)Oguchi Onyewu
19.9%
2019 vs. Guyana (Group)Paul Arriola
19.8%
2017 vs. Martinique (Group)Jordan Morris
18.9%
2017 vs. Martinique (Group)Jordan Morris
18.9%
2017 vs. Jamaica (Final)Jordan Morris
18.7%
2019 vs. T & T (Group)Aaron Long
18.7%
2019 vs. T & T (Group)Aaron Long
18.7%
1998 vs. Cuba (Group)Joe-Max Moore
18.4%
2013 vs. Belize (Group)Stuart Holden
18.3%
2009 vs. Haiti (Group)Stuart Holden
18.3%
2009 vs. Grenada (Group)Stuart Holden
18.3%
2009 vs. Grenada (Group)Charlie Davies
16.3%
1998 vs. Costa Rica (Group)Eddie Pope
15.8%
2007 vs. El Salvador (Group)Taylor Twellman
15.5%
Match Player % Correct
2009 vs. Panama (QtrFinal)Kyle Beckerman
15.2%
2007 vs. Mexico (Final)Benny Feilhaber
14.6%
2003 vs. El Salvador (Group)Eddie Lewis
14.3%
2009 vs. Honduras (Group)Brian Ching
13.7%
2007 vs. T & T (Group)Brian Ching
13.7%
1996 vs. El Salvador (Group)Marcelo Balboa
13.1%
1991 vs. T & T (Group)Marcelo Balboa
13.1%
2017 vs. Nicaragua (Group)Matt Miazga
12.2%
2013 vs. Panama (Final)Brek Shea
11.9%
2013 vs. Costa Rica (Group)Brek Shea
11.9%
2002 vs. Costa Rica (Final)Jeff Agoos
11.5%
1996 vs. Guatemala (3rd Place)Jeff Agoos
11.5%
1998 vs. Cuba (Group)Roy Wegerle
11.4%
2005 vs. Jamaica (QtrFinal)Josh Wolff
10.8%
2002 vs. Costa Rica (Final)Josh Wolff
10.8%
1998 vs. Brazil (Semi)Preki Radosavljevic
10.3%
1998 vs. Costa Rica (Group)Preki Radosavljevic
10.3%
2007 vs. Canada (Semi)Frankie Hejduk
10%
2005 vs. Honduras (Semi)John O'Brien
10%
2013 vs. El Salvador (QtrFinal)Joe Corona
8.6%
2013 vs. Cuba (Group)Joe Corona
8.6%
2017 vs. Panama (Group)Dom Dwyer
8.3%
1993 vs. Panama (Group)Thomas Dooley
8.1%
2013 vs. El Salvador (QtrFinal)Clarence Goodson
7.6%
2011 vs. Panama (Group)Clarence Goodson
7.6%
2009 vs. Honduras (Semi)Clarence Goodson
7.6%
2013 vs. El Salvador (QtrFinal)Mix Diskerud
7.1%
2017 vs. Nicaragua (Group)Joe Corona
7%
1991 vs. Costa Rica (Group)Hugo Perez
7%
1991 vs. Guatemala (Group)Bruce Murray
6.8%
1991 vs. T & T (Group)Bruce Murray
6.8%
2009 vs. Honduras (Semi)Kenny Cooper, Jr.
6.7%
2009 vs. Panama (QtrFinal)Kenny Cooper, Jr.
6.7%
2015 vs. Cuba (QtrFinal)Aron Johannsson
6.2%
2003 vs. Cuba (QtrFinal)Steve Ralston
5.4%
2017 vs. El Salvador (QtrFinal)Eric Lichaj
5.1%
1991 vs. Mexico (Semi)Peter Vermes
5.1%
1991 vs. Costa Rica (Group)Peter Vermes
5.1%
2000 vs. Colombia (QtrFinal)Chris Armas
4.9%
2000 vs. Haiti (Group)Jovan Kirovski
4.7%
1996 vs. Guatemala (3rd Place)Jovan Kirovski
4.7%
2009 vs. Grenada (Group)Robbie Rogers
4.6%
2013 vs. Belize (Group)Michael Orozco Fiscal
4.2%
2002 vs. El Salvador (QtrFinal)Ante Razov
4.2%
2017 vs. Nicaragua (Group)Kelyn Rowe
4%
1991 vs. Mexico (Semi)John Doyle
2.9%
2009 vs. Honduras (Group)Santino Quaranta
2.7%
1993 vs. Costa Rica (Semi)Cle Kooiman
2.2%
2009 vs. Haiti (Group)Davy Arnaud
1.9%
1991 vs. Guatemala (Group)Brian Quinn
1.9%

You're not logged in!

Compare scores with friends on all Sporcle quizzes.
OR
Log In

Show Comments

Extras

Top Quizzes Today


Score Distribution

Your Account Isn't Verified!

In order to create a playlist on Sporcle, you need to verify the email address you used during registration. Go to your Sporcle Settings to finish the process.

Report this User

Report this user for behavior that violates our Community Guidelines.

Details: